| 000 | 01311cam a2200289 i 4500 | ||
|---|---|---|---|
| 003 | SA-RiAUC | ||
| 005 | 20250119144711.0 | ||
| 008 | 250117s1999 su f b 000k0 ara c | ||
| 040 |
_aSA-RiAUC _bara _cSA-RiAUC _erda |
||
| 082 | 0 | 4 | _a253.72 |
| 090 |
_a253.72 _b ش ا ي |
||
| 100 | 1 |
_aالشايقي، سعاد بنت محمد بن عبد العزيز _eمؤلف. |
|
| 245 | 1 | 2 |
_aاليمين ألفاظها وموانع انعقادها : _bدراسة فقهية مقارنة / _cإعداد سعاد بنت محمد عبد العزيز الشايقي ؛ إشراف عادل محمد المرزوقي. |
| 250 | _aالطبعة الأولى. | ||
| 264 | 1 |
_aالدمام، السعودية : _bدار الراوي، _c1999 |
|
| 300 |
_a454 صفحة ؛ _c25 × 17 سم |
||
| 336 |
_aنص _btxt _2rdacontent _3كتاب |
||
| 337 |
_aبدون وسيط _bn _2rdamedia |
||
| 338 |
_aمجلد _bnc _2rdacarrier |
||
| 500 | _aالأصل أطروحة ماجستير في الأدب تخصص فقه إسلامي. | ||
| 504 | _aيشتمل على ببليوجرافية. | ||
| 650 | 7 |
_aاليمين (فقه إسلامي) _2aucsh |
|
| 700 | 1 |
_aالمرزوقي، عادل محمد _eمشرف. |
|
| 942 |
_2ddc _cBOOK _n0 |
||
| 949 |
_aSA-JeALM _d250117 _umohamedma123 _n1 |
||
| 999 |
_c4994 _d4994 |
||